| 000 | 00418nam a2200181Ia 4500 | ||
|---|---|---|---|
| 008 | 221030s9999 xx 000 0 und d | ||
| 020 | _a007085811 | ||
| 041 | _aEnglish | ||
| 082 |
_a105.23 _bTim |
||
| 100 | _aS. Timoshenko | ||
| 245 | 0 | _aEngineering Mechanics | |
| 250 | _a4th | ||
| 260 |
_bMcGraw - Hill Pub. _aNew Delhi _c1956 |
||
| 300 | _a478 | ||
| 650 | _aMechanical | ||
| 700 | _aD. M. Young | ||
| 942 | _cBK | ||
| 999 |
_c1404 _d1404 |
||